Geography Quiz

Random Geography or State Quiz

Name All The State Borders Quiz Stats

 Plays Quiz not verified by Sporcle

Challenge
Share
Tweet
Embed
Score 0/220 Timer 10:00
0 Plays Today
% Correct
South Carolina - SC
98.7%
North Carolina - NC
98.6%
Texas - TX
98.3%
New Hampshire - NH
98.3%
Georgia - GA
98.1%
Idaho - ID
98.1%
Vermont - VT
98.1%
New York - NY
98.1%
South Carolina - SC
98.1%
New Jersey - NJ
98.1%
Georgia - GA
98%
New York - NY
98%
South Dakota - SD
98%
Louisiana - LA
98%
Washington - WA
98%
Connecticut - CT
98%
North Dakota - ND
98%
New Hampshire - NH
97.8%
Alabama - AL
97.8%
Oregon - OR
97.8%
Oregon - OR
97.8%
Rhode Island - RI
97.8%
Connecticut - CT
97.8%
Virginia - VA
97.8%
New Hampshire - NH
97.8%
Maryland - MD
97.8%
Alabama - AL
97.8%
Massachusetts - MA
97.7%
Maine - ME
97.7%
Massachusetts - MA
97.7%
Pennsylvania - PA
97.7%
Massachusetts - MA
97.7%
Illinois - IL
97.7%
Wyoming - WY
97.7%
Washington - WA
97.7%
California - CA
97.7%
Florida - FL
97.7%
Connecticut - CT
97.7%
Rhode Island - RI
97.7%
North Dakota - ND
97.7%
New Jersey - NJ
97.7%
Montana - MT
97.7%
Pennsylvania - PA
97.6%
Minnesota - MN
97.6%
Montana - MT
97.6%
New York - NY
97.6%
Massachusetts - MA
97.6%
Tennessee - TN
97.6%
Florida - FL
97.6%
Vermont - VT
97.6%
Indiana - IN
97.6%
Vermont - VT
97.6%
Delaware - DE
97.6%
Montana - MT
97.6%
Arizona - AZ
97.4%
Maryland - MD
97.4%
Arkansas - AR
97.4%
Ohio - OH
97.4%
Delaware - DE
97.4%
Alabama - AL
97.4%
North Dakota - ND
97.4%
South Dakota - SD
97.4%
California - CA
97.4%
Mississippi - MS
97.3%
Georgia - GA
97.3%
Tennessee - TN
97.3%
Louisiana - LA
97.3%
Minnesota - MN
97.3%
Alabama - AL
97.3%
Wisconsin - WI
97.3%
Texas - TX
97.3%
Indiana - IN
97.3%
Louisiana - LA
97.3%
Mississippi - MS
97.3%
% Correct
Nevada - NV
97.1%
New Jersey - NJ
97.1%
Delaware - DE
97.1%
Mississippi - MS
97.1%
Michigan - MI
97.1%
Pennsylvania - PA
97.1%
New Mexico - NM
97.1%
Michigan - MI
97.1%
New Mexico - NM
97.1%
Arizona - AZ
97.1%
Texas - TX
97.1%
Maryland - MD
97.1%
Georgia - GA
97%
Arkansas - AR
97%
Wisconsin - WI
97%
Indiana - IN
97%
California - CA
97%
North Carolina - NC
97%
Missouri - MO
96.8%
Virginia - VA
96.8%
Tennessee - TN
96.8%
Idaho - ID
96.8%
North Carolina - NC
96.8%
North Carolina - NC
96.8%
Maryland - MD
96.8%
Oregon - OR
96.8%
Kansas - KS
96.8%
West Virginia - WV
96.7%
Georgia - GA
96.7%
Idaho - ID
96.6%
Illinois - IL
96.6%
Montana - MT
96.6%
Arizona - AZ
96.6%
New York - NY
96.4%
Oklahoma - OK
96.4%
Utah - UT
96.4%
Tennessee - TN
96.4%
Wisconsin - WI
96.4%
Rhode Island - RI
96.4%
Kansas - KS
96.4%
Nebraska - NE
96.3%
Colorado - CO
96.3%
Kansas - KS
96.3%
Texas - TX
96.3%
Arizona - AZ
96.3%
Oklahoma - OK
96.1%
New York - NY
96.1%
Massachusetts - MA
96.1%
Arkansas - AR
96%
Ohio - OH
96%
South Dakota - SD
96%
Michigan - MI
96%
Virginia - VA
96%
Pennsylvania - PA
95.8%
West Virginia - WV
95.8%
Mississippi - MS
95.8%
Ohio - OH
95.8%
Minnesota - MN
95.8%
Kentucky - KY
95.7%
Nevada - NV
95.7%
Nevada - NV
95.7%
Oregon - OR
95.7%
Nevada - NV
95.7%
Colorado - CO
95.5%
Arizona - AZ
95.5%
Kansas - KS
95.5%
Indiana - IN
95.5%
Iowa - IA
95.4%
Utah - UT
95.4%
Ohio - OH
95.4%
West Virginia - WV
95.3%
Wisconsin - WI
95.3%
Colorado - CO
95.1%
New Mexico - NM
95.1%
% Correct
Illinois - IL
95%
Michigan - MI
95%
Michigan - MI
95%
Minnesota - MN
94.8%
Iowa - IA
94.8%
Minnesota - MN
94.7%
New Mexico - NM
94.7%
Utah - UT
94.5%
Idaho - ID
94.5%
Kentucky - KY
94.5%
Nebraska - NE
94.5%
Nevada - NV
94.5%
Iowa - IA
94.5%
Virginia - VA
94.5%
Oklahoma - OK
94.4%
Kentucky - KY
94.4%
Pennsylvania - PA
94.4%
Kentucky - KY
94.4%
Missouri - MO
94.4%
Illinois - IL
94.4%
Iowa - IA
94.4%
New Mexico - NM
94.4%
Ohio - OH
94.4%
Arkansas - AR
94.4%
Wyoming - WY
94.3%
West Virginia - WV
94.3%
Idaho - ID
94.3%
Idaho - ID
94.3%
West Virginia - WV
94.3%
Virginia - VA
94.3%
Arkansas - AR
94.3%
Tennessee - TN
94.1%
Tennessee - TN
94.1%
Wyoming - WY
94.1%
Utah - UT
94%
Colorado - CO
94%
Nebraska - NE
94%
Nebraska - NE
94%
Oklahoma - OK
93.8%
South Dakota - SD
93.8%
Arkansas - AR
93.8%
Iowa - IA
93.8%
Missouri - MO
93.7%
Iowa - IA
93.7%
South Dakota - SD
93.5%
Nebraska - NE
93.5%
Missouri - MO
93.4%
Pennsylvania - PA
93.4%
New York - NY
93.4%
Illinois - IL
93.4%
Missouri - MO
93.2%
Nebraska - NE
93.2%
Kentucky - KY
93.1%
Illinois - IL
93.1%
Kentucky - KY
93.1%
Tennessee - TN
93%
Wyoming - WY
92.8%
Wyoming - WY
92.8%
Wyoming - WY
92.8%
South Dakota - SD
92.7%
Colorado - CO
92.7%
Utah - UT
92.5%
Colorado - CO
92.4%
Missouri - MO
92.4%
Utah - UT
92.2%
Tennessee - TN
92.2%
Missouri - MO
91.5%
Missouri - MO
91.5%
Kentucky - KY
91.5%
Oklahoma - OK
91.5%
Colorado - CO
91.4%
Oklahoma - OK
91.4%

You're not logged in!

Compare scores with friends on all Sporcle quizzes.
Join for Free
OR
Log In

You Might Also Like...

Show Comments

Extras

Top Quizzes Today


Score Distribution

Your Account Isn't Verified!

In order to create a playlist on Sporcle, you need to verify the email address you used during registration. Go to your Sporcle Settings to finish the process.

Report this User

Report this user for behavior that violates our Community Guidelines.

Details: